000
00327 a2200145 4500
001
48830
040
_c
Anchieta - Bela Vista
100
_a
Cedraz, Antônio
240
1
0
_a
Histórias da Bahia
_l
por
245
1
0
_a
Histórias da Bahia
300
_a
28
362
0
_a
2013
650
4
_a
Literatura infantil em inglês
942
_c
BK
999
_c
48830
_d
48830